| 000 | 00618nam a2200181 i 4500 | ||
|---|---|---|---|
| 001 | 99481 | ||
| 003 | ES-MaACL | ||
| 005 | 20230906182514.0 | ||
| 007 | t| | ||
| 008 | 050912s1973 ag ||||1| spa d | ||
| 100 | 1 |
_aMartinet, André. _977704 |
|
| 245 | 1 | 0 |
_aTratado del lenguaje _b: el lenguaje y la comunicación. Fréderic François / _cserie dirigida por André Martinet; [traducción de Hugo Acevedo]. |
| 260 |
_aBuenos Aires : _bNueva Visión, _c1973. |
||
| 300 |
_a184 p., 3 h. ; _c23 cm. |
||
| 700 | 1 |
_aFrançois, Fréderic. _952273 |
|
| 700 | 1 |
_aAcevedo, Hugo. _918235 |
|
| 852 |
_aES-MaACL _jE-8853 _bR.93189 |
||
| 999 |
_c99481 _d99481 |
||